The Use of AR in Higher Education

Gespeichert in:
Bibliographische Detailangaben
1. Verfasser: Strešňáková, Anna, 1976-
Weitere Verfasser: Slaninka, František, 1973-
Format: Buchkapitel
Sprache:Englisch
Schlagworte:
Tags: Tag hinzufügen
Keine Tags, Fügen Sie das erste Tag hinzu!

MARC

LEADER 00000naa$a2200000$$$4500
001 0305706
005 20250530085831.1
041 0 |a eng 
044 |a SK 
245 1 0 |a The Use of AR in Higher Education  |c Anna Strešňáková, František Slaninka 
500 |a Abstrakt 
610 2 0 |a vzdelanie 
610 2 0 |a vzdelanie vysokoškolské 
610 2 0 |a školstvo 
100 1 |a Strešňáková, Anna, 1976- 
700 1 |a Slaninka, František, 1973-